Franchising - koncept podnikania pre XXI. Storočie diplomová práca

Salvato in:
Dettagli Bibliografici
Autore principale: Juhasová, Michaela
Ente Autore: Obchodná fakulta EU. Katedra marketingu
Altri autori: Orgonáš, Jozef, 1957-
Natura: Libro
Lingua:slovacco
Pubblicazione: Bratislava 2014
Tags: Aggiungi Tag
Nessun Tag, puoi essere il primo ad aggiungerne!!

MARC

LEADER 00000nbm a2200000 4500
001 0186182
005 20170201095238.2
041 0 |a slo 
044 |a SK 
245 1 0 |a Franchising - koncept podnikania pre XXI. Storočie  |b diplomová práca  |c Michaela Juhasová ; školiteľ: Jozef Orgonáš 
264 1 |a Bratislava  |c 2014 
300 |a 68 s. 
100 1 |a Juhasová, Michaela 
700 1 |a Orgonáš, Jozef, 1957- 
710 2 |a Obchodná fakulta EU. Katedra marketingu